书目信息 |
| 题名: |
教会学生思维
|
|
| 作者: | 郅庭瑾 | |
| 分册: | ||
| 出版信息: | 北京 教育科学 2001 |
|
| 页数: | 292页 | |
| 开本: | 26cm | |
| 丛书名: | 新世纪教师教育丛书 | |
| 单 册: | ||
| 中图分类: | G40-013 | |
| 科图分类: | ||
| 主题词: | 教育学 | |
| 电子资源: | ||
| ISBN: | 7-5041-2205-X | |
| 000 | 00573nam0 2200205 450 | |
| 001 | 0753865015 | |
| 005 | 20070818145745.01 | |
| 010 | @a7-5041-2205-X@d¥26.00 | |
| 100 | @a20070818d km y0chiy0120 ea | |
| 101 | 0 | @achi |
| 200 | 1 | @a教会学生思维@Ajiao hui xue sheng si wei@f郅庭瑾@Fzhi ting jin |
| 210 | @a北京@c教育科学@d2001 | |
| 215 | @a292页@d26cm | |
| 225 | 2 | @a新世纪教师教育丛书 |
| 410 | 0 | @12001 @a新世纪教师教育丛书 |
| 606 | 0 | @a教育学 |
| 690 | @aG40-013@v3 | |
| 701 | 0 | @a郅庭瑾@Azhi ting jin |
| 801 | 0 | @aCN@bPFT@c20070818 |
| 905 | @a213230@dG40-013@ee202@f1 | |
| 教会学生思维/郅庭瑾.-北京:教育科学,2001 |
| 292页;26cm.-(新世纪教师教育丛书) |
| ISBN 7-5041-2205-X:¥26.00 |
| ● |
| 相关链接 |
|
|
|
|
正题名:教会学生思维
索取号:G40-013/e202
 
预约/预借
| 序号 | 登录号 | 条形码 | 馆藏地/架位号 | 状态 | 备注 |
| 1 | 6301844 | 263018442 | 教育系资料室/ [索取号:G40-013/e202] | 在馆 | |
| 2 | 6301845 | 263018451 | 教育系资料室/ [索取号:G40-013/e202] | 在馆 | |
| 3 | 6305288 | 263052886 | 教育系资料室/ [索取号:G40-013/e202] | 在馆 | |
| 4 | 6305289 | 263052895 | 教育系资料室/ [索取号:G40-013/e202] | 在馆 | |
| 5 | 6305290 | 263052902 | 教育系资料室/ [索取号:G40-013/e202] | 在馆 | |
| 6 | 6305291 | 263052911 | 教育系资料室/ [索取号:G40-013/e202] | 在馆 | |
| 7 | 6305292 | 263052920 | 教育系资料室/ [索取号:G40-013/e202] | 在馆 |